000 00755nam a2200229 a 4500
999 _c5041
_d5041
001 5041
003 BD-JhCC
005 20171210124002.0
008 171207s b ||||| |||| 00| 0 b d
035 _a(BD-JhCC)
040 _aBD-JhCC
_dBD-JhCC
041 _aben
082 _a891.443
_bTHA 2009
100 _aঠাকুর, টেকচাঁদ
245 _aআলালের ঘরের দুলাল /
_cটেকচাঁদ ঠাকুর; আনিসুজ্জামান (সম্পা.)
260 _aঢাকা :
_bবাংলাদেশের প্রকাশনা,
300 _a151 p. :
_c22cm.
650 _aBengali Novel
700 _aআনিসুজ্জামান
942 _2ddc
_cBK